| 000 | 00733nam a22002537a 4500 | ||
|---|---|---|---|
| 001 | 000387 | ||
| 003 | DO-SdBNP | ||
| 005 | 20180209093507.0 | ||
| 007 | 000387 | ||
| 008 | 160714b 1993 spa ||||| |||| 00| 0 spa d | ||
| 020 | _a8426323405 | ||
| 040 |
_aBPMSU _bspa _cBPMSU |
||
| 100 | 1 |
_aOlaizola Sarría, José Luis, _d1927- |
|
| 245 | 1 | 0 |
_aLa torre animada / _cJosé Luis Olaizola ; ilustrado por Esperanza León. |
| 250 | _a2a ed. | ||
| 260 |
_aZaragoza : _bEdelvives, _c1993. |
||
| 300 |
_a149 p. : _bil. ; _c18 cm. |
||
| 490 | 1 |
_aAla delta _v143 |
|
| 700 | 1 | 2 |
_aLeón, Esperanza, _eil. |
| 830 | 0 |
_aAla delta ; _v143 |
|
| 942 |
_2ddc _cBK |
||
| 945 | _aInventariado, 2018 /LP | ||
| 956 |
_aLOPEREZ _b10 _c20160714 _hBPMSU |
||
| 999 |
_c10871 _d10871 |
||